000 00557nam a22001817a 4500
005 20251108164645.0
008 250721s1996 xx 000 0 ara d
082 1 4 _a519/خول
100 1 _aالخولي، حسني أحمد
245 1 0 _aمبادئ علم الإحصاء /
264 1 _aعمان :
_bمركز شباب الجامعة للنسخ السريع،
_c1996.
300 _a453ص.
650 1 7 _aنظرية الإحتمالات
650 1 7 _aالإحصاء الرياضي
650 1 7 _aالإحصاءات
942 _2ddc
_cBK
999 _c11084
_d11084